000 00644nam a2200241Ia 4500
003 OSt
005 20221005031947.0
006 a|||||r|||| 00| 0
007 ta
008 221004b |||||||| |||| 00| 0 tam d
024 _a64003
037 _cTextual
040 _aCRL
_cCRL
_btam
041 _2tam
_atam
082 _aO142,3M18,4, 31J6
100 _aNa.Baskaran Au.
_9584565
245 0 _aSeemanin Thirumanam
260 _aChennai
_bStar Prasuram India
_c1956
300 _a91p.
_ccm.
650 _aTAMIL LITERATURE
942 _hO142,3M18,4, 31J6
_cTEXL
_2cc
999 _c938781
_d938781